000 00760cam a2200241 i 4500
020 _a9789995052966
040 _cDLC
082 _a363 IMP 2014 C106 Or.
100 1 _aTheng, Vuthy,
245 1 0 _aImpact of farmer organisations on food security :
_bthe case of rural Cambodia /
300 _ax, 69 pages ;
_c30 cm
490 0 _aCDRI working paper series ;
500 _a"August 2014."
650 0 _aFarmers
650 0 _aFood security
700 1 _aKeo, Socheat,
700 1 _aNou, Keosothea,
700 1 _aSum, Sreymom,
700 1 _aKhiev, Pirom,
710 2 _aVidyāsthān Paṇṭuḥ Paṇṭāl niṅ Srāvjrāv ṭoempī Qabhivaḍḍhn ̊Kambujā,
856 4 1 _uhttp://www.loc.gov/catdir/toc/fy16pdf01/2014315013.html
942 _cAEDBB
999 _c20932
_d20932